000
00293nam a2200109Ia 4500
008
200302s9999 xx 000 0 und d
100
_a
Manoj K. sharma
245
_a
Socio Economic and Political Aspects of Energy Management
260
_b
Shubhi Publication
260
_c
2010
300
_a
308 P.,
999
_c
3912
_d
3912